000 00594nam a2200241Ia 4500
003 OSt
005 20220918192808.0
006 a|||||r|||| 00| 0
007 ta
008 220917b |||||||| |||| 00| 0 eng d
024 _a70,334
037 _cTextual
040 _aARTS
_cARTS
_beng
041 _2eng
_aeng
082 _aR36, L6
100 _aWoodfield Andrew
_980198
245 0 _aTeleology
260 _aCambridge
_bCUP
_c1976
300 _aviii,232p.
_ccm.
500 _aBib 224-228p
942 _hR36, L6
_cTEXL
_2CC
999 _c196432
_d196432